Perfect day (Hoku) - lyrics - Statistics

General Stats
  • This quiz has been taken 14 times
  • The average score is 111 of 262
Answer Stats
Answer % Correct
A
89%
Day
89%
I
89%
Perfect
89%
It's
78%
Its
78%
You
67%
Just
56%
On
56%
When
56%
Be
44%
I'm
44%
In
44%
Me
44%
So
44%
The
44%
To
44%
All
33%
Am
33%
And
33%
As
33%
But
33%
Can
33%
Could
33%
Dont
33%
Don't
33%
Down
33%
Enough
33%
For
33%
Fun
33%
Go
33%
Good
33%
Had
33%
Hear
33%
I've
33%
Make
33%
My
33%
Nothing
33%
Now
33%
Say
33%
Tell
33%
That
33%
There
33%
This
33%
Too
33%
Up
33%
Wake
33%
Way
33%
Where
33%
Wrong
33%
Act
22%
Age
22%
Bring
22%
Cause
22%
Dream
22%
Else
22%
Forever
22%
Getting
22%
Gonna
22%
Nothing's
22%
Rain
22%
Soon
22%
Standing
22%
Stop
22%
Sun's
22%
They
22%
Try
22%
Well
22%
Won
22%
After
11%
Already
11%
Benz
11%
Breakfast
11%
Come
11%
Done
11%
Friends
11%
Half
11%
Leave
11%
Little
11%
Mercedes
11%
Myself
11%
People
11%
Phase
11%
Pick
11%
Race
11%
Someone
11%
Stay
11%
Ten
11%
Til
11%
Twelve
11%
Work
11%
You'll
11%
Tomorrow's
0%
No matching quizzes found
Score Distribution
Percent of People with Each Score
Percentile by Number Answered
Your Score History
You have not taken this quiz